000
00259nam a22000977a 4500
999
_c
11637
_d
11637
008
190923b ||||| |||| 00| 0 eng d
020
_a
978938878809
100
_a
Goyal Brothers
_9
7340
245
_a
Hindi B -Class X
260
_a
New Delhi
_b
Goyal Publications
_c
2019